[Event "CZE-chT2C 0910"]
[Site "Czech Republic"]
[Date "2009.11.08"]
[Round "2.7"]
[White "Vyhnalek, Bohuslav"]
[Black "Fojtu, Petr"]
[Result "0-1"]
[WhiteElo "2164"]
[BlackElo "2139"]
[PlyCount "54"]
[EventDate "2009.10.18"]
[EventType "team-tourn"]
[EventRounds "11"]
[EventCountry "CZE"]
[SourceTitle "EXT 2011"]
[Source "ChessBase"]
[SourceDate "2010.11.26"]
[SourceVersion "1"]
[SourceVersionDate "2010.11.26"]
[SourceQuality "1"]
[WhiteTeam "Turnov Zikuda II"]
[BlackTeam "Ricany"]
[WhiteTeamCountry "CZE"]
[BlackTeamCountry "CZE"]

1. e4 c5 2. Nf3 d6 3. d4 cxd4 4. Nxd4 Nf6 5. Nc3 e6 6. Bc4 a6 7. Bb3 Be7 8. Be3 Bd7 9. g4 0-0 10. g5 Ne8 11. Rg1 Nc6 12. Qh5 g6 13. Qh6 Ng7 14. Nxc6 Bxc6 15. Rg4 Nh5 16. Rh4 Re8 17. Rxh5 gxh5 18. Bxe6 Bf8 19. Bxf7+ Kxf7 20. Qxh7+ Bg7 21. g6+ Kf8 22. Qxh5 Qf6 23. 0-0-0 Bxe4 24. Rg1 Rac8 25. Qa5 Bxg6 26. h4 Rxe3 27. fxe3 Qf2 0-1

[Event "CZE-chT2C 0809"]
[Site "Czech Republic"]
[Date "2008.12.21"]
[Round "5.5"]
[White "Fojtu, Petr"]
[Black "Klecker, Tadeas"]
[Result "1-0"]
[WhiteElo "2170"]
[BlackElo "2170"]
[PlyCount "47"]
[EventDate "2008.10.12"]
[EventType "team-tourn"]
[EventRounds "11"]
[EventCountry "CZE"]
[SourceTitle "EXT 2010"]
[Source "ChessBase"]
[SourceDate "2010.11.25"]
[SourceVersion "1"]
[SourceVersionDate "2010.11.25"]
[SourceQuality "1"]
[WhiteTeam "Ricany"]
[BlackTeam "Praha Oaza"]
[WhiteTeamCountry "CZE"]
[BlackTeamCountry "CZE"]

1. d4 d5 2. c4 c6 3. Nf3 Nf6 4. Nc3 e6 5. e3 Nbd7 6. Qc2 Bd6 7. Bd3 e5 8. cxd5 cxd5 9. dxe5 Nxe5 10. Bb5+ Bd7 11. Nd4 0-0 12. 0-0 Rc8 13. Qb3 Bb8 14. Nxd5 Bxb5 15. Nxf6+ Qxf6 16. Qxb5 Qh4 17. f4 Ng4 18. h3 Nh6 19. Qg5 Qxg5 20. fxg5 Be5 21. gxh6 Rfe8 22. Bd2 Bxd4 23. exd4 Rc2 24. Rae1 1-0

[Event "CZE-chT2C 0809"]
[Site "Czech Republic"]
[Date "2008.11.23"]
[Round "3.5"]
[White "Fojtu, Petr"]
[Black "Vanecek, Stanislav"]
[Result "1-0"]
[WhiteElo "2170"]
[BlackElo "1997"]
[PlyCount "81"]
[EventDate "2008.10.12"]
[EventType "team-tourn"]
[EventRounds "11"]
[EventCountry "CZE"]
[SourceTitle "EXT 2010"]
[Source "ChessBase"]
[SourceDate "2010.11.25"]
[SourceVersion "1"]
[SourceVersionDate "2010.11.25"]
[SourceQuality "1"]
[WhiteTeam "Ricany"]
[BlackTeam "Mlada Boleslav"]
[WhiteTeamCountry "CZE"]
[BlackTeamCountry "CZE"]

1. d4 Nf6 2. c4 e6 3. Nc3 d5 4. cxd5 exd5 5. Bg5 Be7 6. e3 0-0 7. Bd3 c6 8. Qc2 Nbd7 9. Nf3 h6 10. Bh4 Re8 11. 0-0-0 Nf8 12. h3 N6h7 13. Bxe7 Qxe7 14. g4 f6 15. Rdg1 Ng5 16. Nd2 Nf7 17. h4 Bd7 18. Nf3 Nd6 19. g5 h5 20. gxf6 Qxf6 21. Ne5 Bf5 22. Bxf5 Qxf5 23. Qxf5 Nxf5 24. Rg5 Nd6 25. Rxh5 Re6 26. Rg5 Rae8 27. f4 Nf7 28. Rg2 Nxe5 29. dxe5 Rh6 30. Rhg1 Re7 31. Rg4 Rh7 32. Ne2 Kf7 33. Nd4 g6 34. Nf3 Rh6 35. f5 gxf5 36. Rg5 Ke6 37. Nd4+ Kd7 38. Nxf5 Reh7 39. Nxh6 Rxh6 40. Rf5 Ng6 41. Rf6 1-0

[Event "Ricany op-A"]
[Site "Ricany"]
[Date "2008.08.30"]
[Round "9"]
[White "Matejovsky, Ondrej"]
[Black "Fojtu, Petr"]
[Result "1-0"]
[WhiteElo "2014"]
[BlackElo "2176"]
[PlyCount "81"]
[EventDate "2008.08.23"]
[EventType "swiss"]
[EventRounds "9"]
[EventCountry "CZE"]
[SourceTitle "CBM 126 Extra"]
[Source "ChessBase"]
[SourceDate "2008.11.05"]
[SourceVersion "1"]
[SourceVersionDate "2008.11.05"]
[SourceQuality "1"]

1. e4 c5 2. Nf3 d6 3. Bb5+ Nc6 4. 0-0 a6 5. Bxc6+ bxc6 6. b3 e5 7. Bb2 Nf6 8. Re1 Be7 9. c3 Bg4 10. d4 cxd4 11. cxd4 exd4 12. Bxd4 0-0 13. Nbd2 d5 14. exd5 cxd5 15. Rc1 Nd7 16. Qc2 Ba3 17. Bb2 Bxb2 18. Qxb2 Bxf3 19. Nxf3 Nf6 20. Nd4 Qd7 21. Qc2 Qg4 22. Qd3 Rfe8 23. h3 Qf4 24. g3 Qg5 25. Nf3 Qh6 26. Kg2 Red8 27. Rc6 Qg6 28. Qd4 Qf5 29. Re7 Qb1 30. Rcc7 Rf8 31. Ne5 Rae8 32. Nd7 Nxd7 33. Rcxd7 Rxe7 34. Rxe7 Qxa2 35. Qxd5 Qc2 36. Ra7 Qg6 37. Qb7 h6 38. Rxa6 Qf5 39. Ra8 g5 40. b4 Kg7 41. Rxf8 1-0

[Event "Ricany op-A"]
[Site "Ricany"]
[Date "2008.08.24"]
[Round "3"]
[White "Hadzala, Daniel"]
[Black "Fojtu, Petr"]
[Result "1/2-1/2"]
[WhiteElo "2099"]
[BlackElo "2176"]
[PlyCount "67"]
[EventDate "2008.08.23"]
[EventType "swiss"]
[EventRounds "9"]
[EventCountry "CZE"]
[SourceTitle "CBM 126 Extra"]
[Source "ChessBase"]
[SourceDate "2008.11.05"]
[SourceVersion "1"]
[SourceVersionDate "2008.11.05"]
[SourceQuality "1"]

1. Nf3 f5 2. c4 Nf6 3. Nc3 g6 4. g3 Bg7 5. Bg2 c6 6. 0-0 0-0 7. Rb1 a5 8. a3 d6 9. Qc2 e5 10. d3 h6 11. b4 g5 12. b5 f4 13. c5 g4 14. Nh4 fxg3 15. fxg3 d5 16. Nf5 Bxf5 17. Rxf5 Nbd7 18. Na4 Qe7 19. Bd2 Qe6 20. Rff1 Nh7 21. bxc6 bxc6 22. Nb6 Ra7 23. Rxf8+ Bxf8 24. Nxd7 Qxd7 25. Rb8 Ng5 26. Qc1 Qe7 27. Bxg5 hxg5 28. h3 Kg7 29. Kh2 Kg6 30. Qf1 Bg7 31. hxg4 Rb7 32. Qf5+ Kh6 33. Rc8 Rc7 34. Rxc7 1/2-1/2

[Event "CZE-chT2c 0607"]
[Site "Czech Republic"]
[Date "2007.03.25"]
[Round "10.4"]
[White "Fojtu, Petr"]
[Black "Vojta, Pavel"]
[Result "1/2-1/2"]
[WhiteElo "2111"]
[BlackElo "2194"]
[PlyCount "115"]
[EventDate "2006.10.15"]
[EventType "team"]
[EventRounds "11"]
[EventCountry "CZE"]
[SourceTitle "EXT 2008"]
[Source "ChessBase"]
[SourceDate "2007.11.25"]
[SourceVersion "1"]
[SourceVersionDate "2007.11.25"]
[SourceQuality "1"]
[WhiteTeam "Ricany"]
[BlackTeam "Vlasim"]
[WhiteTeamCountry "CZE"]
[BlackTeamCountry "CZE"]

1. d4 Nf6 2. Bg5 e6 3. e4 Be7 4. e5 Nd5 5. Bxe7 Qxe7 6. a3 d6 7. c4 Nb6 8. exd6 cxd6 9. Nc3 0-0 10. Nf3 e5 11. d5 Bg4 12. Qd3 N8d7 13. Nd2 f5 14. f3 Bh5 15. Be2 e4 16. Qe3 Nc5 17. b4 f4 18. Qd4 Nd3+ 19. Bxd3 exd3+ 20. Nce4 Qe5 21. Qxe5 dxe5 22. Nc5 Rfc8 23. Rc1 a5 24. Nxd3 Bg6 25. Nc5 axb4 26. axb4 Ra3 27. 0-0 Bd3 28. Rfe1 Ra2 29. Nxd3 Rxd2 30. Nxe5 Rd4 31. Red1 Rxd1+ 32. Rxd1 Nxc4 33. Nxc4 Rxc4 34. d6 Rc8 35. d7 Rd8 36. Rd4 g5 37. Rd5 h6 38. Rd6 Kg7 39. Kf2 h5 40. Ke2 Kf7 41. Rd5 Kf6 42. Kd3 h4 43. Kd4 Ke6 44. h3 Rxd7 45. Rxd7 Kxd7 46. Kd5 Kc7 47. Kc5 Kc8 48. Kb6 Kb8 49. Kc5 Kc7 50. Kb5 Kc8 51. Kb6 Kb8 52. Kc5 Kc7 53. Kb5 b6 54. Kc4 Kc6 55. b5+ Kd6 56. Kd4 Ke6 57. Ke4 Kd6 58. Kd4 1/2-1/2

[Event "CZE-chT2c 0607"]
[Site "Czech Republic"]
[Date "2006.10.15"]
[Round "1.4"]
[White "Fojtu, Petr"]
[Black "Kaplan, Daniel"]
[Result "1/2-1/2"]
[WhiteElo "2111"]
[BlackElo "2072"]
[PlyCount "96"]
[EventDate "2006.10.15"]
[EventType "team"]
[EventRounds "11"]
[EventCountry "CZE"]
[SourceTitle "EXT 2008"]
[Source "ChessBase"]
[SourceDate "2007.11.25"]
[SourceVersion "1"]
[SourceVersionDate "2007.11.25"]
[SourceQuality "1"]
[WhiteTeam "Ricany"]
[BlackTeam "Kolin"]
[WhiteTeamCountry "CZE"]
[BlackTeamCountry "CZE"]

1. Nf3 f5 2. d4 Nf6 3. c4 e6 4. g3 c6 5. Bg2 d5 6. 0-0 Be7 7. b3 0-0 8. Ba3 Ne4 9. Bxe7 Qxe7 10. Qc2 Nd7 11. Nc3 g5 12. Nd2 Nxc3 13. Qxc3 g4 14. Qe3 Qf7 15. f3 h5 16. Qg5+ Qg7 17. Qxg7+ Kxg7 18. Bh1 Nf6 19. e4 Bd7 20. exd5 exd5 21. Rae1 Rae8 22. Re5 gxf3 23. Nxf3 Ng4 24. Rxe8 Rxe8 25. Re1 Rxe1+ 26. Nxe1 dxc4 27. bxc4 Ne3 28. c5 Be6 29. a3 Kf6 30. Bf3 Kg5 31. Kf2 Ng4+ 32. Bxg4 Kxg4 33. Ng2 Bb3 34. Nf4 h4 35. Ng6 hxg3+ 36. hxg3 Kg5 37. Nf4 Bc4 38. Kf3 b6 39. Nh3+ Kf6 40. Kf4 b5 41. Nf2 a5 42. g4 fxg4 43. Nxg4+ Ke6 44. Ke3 b4 45. axb4 axb4 46. Nf2 Kd5 47. Nd3 Bxd3 48. Kxd3 b3 1/2-1/2

[Event "Havlickuv Brod Vysocina op-A"]
[Site "Havlickuv Brod"]
[Date "2006.09.29"]
[Round "7.16"]
[White "Borkovec, Milan"]
[Black "Fojtu, Petr"]
[Result "1-0"]
[WhiteElo "2248"]
[BlackElo "2121"]
[PlyCount "57"]
[EventDate "2006.09.23"]
[EventType "swiss"]
[EventRounds "9"]
[EventCountry "CZE"]
[SourceTitle "CBM 114 Extra"]
[Source "ChessBase"]
[SourceDate "2006.11.03"]
[SourceVersion "1"]
[SourceVersionDate "2006.11.03"]
[SourceQuality "1"]

1. e4 c5 2. d4 cxd4 3. c3 dxc3 4. Nxc3 Nc6 5. Nf3 e6 6. Bc4 d6 7. 0-0 Nf6 8. Qe2 a6 9. Rd1 Qc7 10. Bf4 Ne5 11. Bxe5 dxe5 12. Rac1 Qa5 13. Nb5 axb5 14. Bxb5+ Bd7 15. Rxd7 Nxd7 16. Nxe5 Bd6 17. Nxd7 Ke7 18. e5 Bb8 19. Qc4 f6 20. Qc5+ Kf7 21. exf6 gxf6 22. Qh5+ Ke7 23. Nxb8 f5 24. Qg5+ Kf7 25. Nd7 Qxb5 26. Qf6+ Kg8 27. Rc3 f4 28. Qxe6+ Kg7 29. Qe7+ 1-0

[Event "Havlickuv Brod Vysocina op-A"]
[Site "Havlickuv Brod"]
[Date "2006.09.25"]
[Round "3.13"]
[White "Fojtu, Petr"]
[Black "Cerveny, Petr"]
[Result "1/2-1/2"]
[WhiteElo "2121"]
[BlackElo "2323"]
[PlyCount "63"]
[EventDate "2006.09.23"]
[EventType "swiss"]
[EventRounds "9"]
[EventCountry "CZE"]
[SourceTitle "CBM 114 Extra"]
[Source "ChessBase"]
[SourceDate "2006.11.03"]
[SourceVersion "1"]
[SourceVersionDate "2006.11.03"]
[SourceQuality "1"]

1. c4 Nf6 2. Nc3 d5 3. cxd5 Nxd5 4. Nf3 Nxc3 5. bxc3 g6 6. g3 Bg7 7. Bg2 0-0 8. Ba3 Nd7 9. Rb1 c5 10. 0-0 Qa5 11. Qb3 Nb6 12. d3 Bd7 13. Bb2 c4 14. dxc4 Bf5 15. Rbc1 Be6 16. Qa3 Nxc4 17. Qxa5 Nxa5 18. Nd4 Bc4 19. Ba3 Rac8 20. Bxe7 Rfe8 21. Bb4 Nc6 22. Nxc6 bxc6 23. Rfe1 Bxe2 24. Bc5 a6 25. Bd4 Bf8 26. Be3 Bc4 27. Bf1 Bxf1 28. Kxf1 Rb8 29. Rb1 Bg7 30. c4 f5 31. Red1 Be5 32. Ba7 1/2-1/2

[Event "Ricany op-A"]
[Site "Ricany"]
[Date "2006.08.28"]
[Round "5"]
[White "Fojtu, Petr"]
[Black "Fojtu, Jan"]
[Result "1/2-1/2"]
[WhiteElo "2121"]
[BlackElo "2014"]
[PlyCount "35"]
[EventDate "2006.08.24"]
[EventType "swiss"]
[EventRounds "9"]
[EventCountry "CZE"]
[SourceTitle "EXT 2007"]
[Source "ChessBase"]
[SourceDate "2006.11.23"]
[SourceVersion "1"]
[SourceVersionDate "2006.11.23"]
[SourceQuality "1"]

1. Nf3 c5 2. g3 d6 3. Bg2 g6 4. e4 Bg7 5. 0-0 Nc6 6. d3 e6 7. c3 Nge7 8. Ne1 0-0 9. f4 f5 10. Nd2 b5 11. Kh1 Rb8 12. Ndf3 b4 13. c4 fxe4 14. dxe4 Ba6 15. Nd2 d5 16. Bh3 Nd4 17. Nef3 Qb6 18. exd5 1/2-1/2

[Event "Rumburk op"]
[Site "Rumburk"]
[Date "2006.07.04"]
[Round "2"]
[White "Fojtu, Petr"]
[Black "Vodicka, Michal"]
[Result "1-0"]
[WhiteElo "2087"]
[BlackElo "1943"]
[PlyCount "63"]
[EventDate "2006.07.03"]
[EventType "swiss"]
[EventRounds "9"]
[EventCountry "CZE"]
[SourceTitle "EXT 2008"]
[Source "ChessBase"]
[SourceDate "2007.11.25"]
[SourceVersion "1"]
[SourceVersionDate "2007.11.25"]
[SourceQuality "1"]

1. Nf3 c5 2. g3 Nc6 3. Bg2 e5 4. d3 d5 5. 0-0 Nf6 6. e4 dxe4 7. dxe4 Bg4 8. Qe1 Bxf3 9. Bxf3 Nd4 10. Bd1 Qd7 11. Kg2 h5 12. h4 Bd6 13. Na3 Qc6 14. f3 c4 15. b3 b5 16. c3 Ne6 17. Be2 Qa6 18. Nc2 0-0 19. a4 cxb3 20. axb5 Qb7 21. Ne3 Nc5 22. Nc4 Rfd8 23. Nxd6 Rxd6 24. Ba3 Nfxe4 25. fxe4 Qxe4+ 26. Bf3 Qc2+ 27. Rf2 Nd3 28. Rxc2 Nxe1+ 29. Rxe1 bxc2 30. Bxd6 Rd8 31. Ba3 Rd2+ 32. Re2 1-0

[Event "Rumburk op"]
[Site "Rumburk"]
[Date "2005.07.09"]
[Round "7"]
[White "Fojtu, Petr"]
[Black "Volf, Vladislav"]
[Result "0-1"]
[WhiteElo "2053"]
[BlackElo "1886"]
[PlyCount "80"]
[EventDate "2005.07.04"]
[EventType "swiss"]
[EventRounds "9"]
[EventCountry "CZE"]
[SourceTitle "EXT 2007"]
[Source "ChessBase"]
[SourceDate "2006.11.23"]
[SourceVersion "1"]
[SourceVersionDate "2006.11.23"]
[SourceQuality "1"]

1. Nf3 g6 2. g3 Bg7 3. Bg2 Nf6 4. 0-0 d6 5. c4 0-0 6. Nc3 Nbd7 7. b4 c6 8. Rb1 a5 9. a3 axb4 10. Rxb4 Ra6 11. d4 Qa5 12. Qc2 Qh5 13. e4 Bh6 14. Bb2 e5 15. d5 Nc5 16. Ne1 g5 17. Nd3 Nxd3 18. Qxd3 c5 19. Rb3 Ne8 20. Ne2 Kh8 21. f4 gxf4 22. gxf4 f6 23. Ng3 Qh4 24. fxe5 dxe5 25. Rb5 Nd6 26. Rxc5 Bf4 27. Bc1 Qg5 28. Bxf4 exf4 29. Ne2 Rg8 30. Nxf4 Rb6 31. Qd4 Bh3 32. Qf2 Nxe4 33. Nxh3 Qg7 34. Qe2 Nxc5 35. Nf4 Rb3 36. Nh5 Qg5 37. Nf4 Na4 38. Qe7 Rb2 39. Qe4 Nc3 40. Qf3 Qxf4 0-1

[Event "Rumburk op"]
[Site "Rumburk"]
[Date "2005.07.05"]
[Round "3"]
[White "Fojtu, Petr"]
[Black "Purkyt, Jaroslav"]
[Result "1-0"]
[WhiteElo "2053"]
[BlackElo "1822"]
[PlyCount "79"]
[EventDate "2005.07.04"]
[EventType "swiss"]
[EventRounds "9"]
[EventCountry "CZE"]
[SourceTitle "EXT 2007"]
[Source "ChessBase"]
[SourceDate "2006.11.23"]
[SourceVersion "1"]
[SourceVersionDate "2006.11.23"]
[SourceQuality "1"]

1. Nf3 d5 2. g3 Nf6 3. Bg2 b6 4. 0-0 e6 5. d3 Bb7 6. Nbd2 Nbd7 7. Re1 Be7 8. b3 c5 9. e4 dxe4 10. dxe4 Qc7 11. Bb2 0-0-0 12. Qe2 Ng4 13. Bxg7 Rhg8 14. Bc3 h5 15. h3 Nxf2 16. Qxf2 Rxg3 17. Nf1 Rg6 18. Re2 Rdg8 19. Qe3 Bd6 20. e5 Qc6 21. N1d2 Bf8 22. Qd3 Rg3 23. Kh1 Nb8 24. Rd1 Ba6 25. Nc4 Be7 26. Be1 R3g6 27. Qe3 Qc7 28. Nd6+ Bxd6 29. exd6 Qd7 30. c4 Bb7 31. Nh4 Rg5 32. Rdd2 Nc6 33. Nf3 R5g6 34. Ne5 Nxe5 35. Qxe5 Bxg2+ 36. Rxg2 Qc6 37. d7+ Kd8 38. Qb8+ Ke7 39. d8Q+ Rxd8 40. Qxd8# 1-0

[Event "Ricany op"]
[Site "Ricany"]
[Date "2004.??.??"]
[Round "?"]
[White "Dolezal, Radoslav"]
[Black "Fojtu, Petr"]
[Result "1-0"]
[WhiteElo "2380"]
[BlackElo "2040"]
[PlyCount "116"]
[EventDate "2004.??.??"]
[EventType "swiss"]
[EventRounds "9"]
[EventCountry "CZE"]
[SourceTitle "EXT 2007"]
[Source "ChessBase"]
[SourceDate "2006.11.23"]
[SourceVersion "1"]
[SourceVersionDate "2006.11.23"]
[SourceQuality "1"]

1. d4 f5 2. Nf3 Nf6 3. g3 e6 4. Bg2 Be7 5. 0-0 0-0 6. c4 d5 7. b3 c6 8. Bb2 Qe8 9. Ne5 Nbd7 10. Nd3 g5 11. f3 Qg6 12. Nd2 h5 13. Qe1 Rf7 14. e4 Rh7 15. e5 Ne8 16. Qe2 Qh6 17. Rfc1 Nf8 18. Bf1 g4 19. f4 Ng6 20. Kf2 Bf8 21. Qe3 Rb8 22. a4 b6 23. Ba3 Bxa3 24. Rxa3 Bb7 25. a5 Rc7 26. axb6 axb6 27. Bg2 Qg7 28. Nb1 Ra8 29. Rxa8 Bxa8 30. Nc3 Qd7 31. cxd5 cxd5 32. Bf1 Ne7 33. Nb4 Nc6 34. Bb5 Qd8 35. Nba2 Ng7 36. Na4 Rc8 37. Rc3 Na7 38. Qd3 Rxc3 39. N2xc3 Bb7 40. Na2 Qc7 41. N2c3 Kf7 42. Ke3 Ke7 43. Kd2 Kd8 44. Kc2 Kc8 45. Kb2 Kb8 46. Na2 Bc6 47. Bxc6 Qxc6 48. N4c3 b5 49. Nb4 Qb6 50. Ne2 Kb7 51. Qc3 Qc7 52. Qe3 Kb6 53. Qg1 Kb7 54. Qa1 Qb6 55. Qa3 Nc6 56. Nxc6 Qxc6 57. Qe7+ Qc7 58. Qb4 Kb6 1-0

[Event "CZE-ch U16"]
[Site "Frymburk"]
[Date "2002.??.??"]
[Round "2"]
[White "Fojtu, Petr"]
[Black "Priborsky, Ivo"]
[Result "1/2-1/2"]
[WhiteElo "1802"]
[BlackElo "2033"]
[PlyCount "95"]
[EventDate "2002.03.??"]
[EventType "swiss"]
[EventRounds "8"]
[EventCountry "CZE"]
[SourceTitle "EXT 2004"]
[Source "ChessBase"]
[SourceDate "2003.11.25"]
[SourceVersion "1"]
[SourceVersionDate "2003.11.25"]
[SourceQuality "1"]

1. e4 g6 2. d4 Bg7 3. Nf3 d6 4. c3 Nf6 5. Bd3 0-0 6. 0-0 Nc6 7. Nbd2 e5 8. dxe5 Nxe5 9. Nxe5 dxe5 10. Nc4 Nd7 11. b3 Nc5 12. Bc2 Qf6 13. Ne3 c6 14. Ba3 Rd8 15. Qe2 Ne6 16. Rfd1 Nf4 17. Qe1 Be6 18. Rxd8+ Rxd8 19. Rd1 h6 20. Bb2 Qe7 21. c4 Bc8 22. Bb1 Ne6 23. Rxd8+ Qxd8 24. Kf1 Kh7 25. Qd1 Nd4 26. Qd2 Qh4 27. Kg1 Qg5 28. Qd1 Be6 29. Bd3 Qe7 30. Bb1 Qc5 31. Qd2 Qd6 32. Qd1 Qd8 33. Qd3 Qg5 34. Qd1 Qd8 35. Kf1 Qa5 36. Qe1 Qb6 37. Qd2 Kg8 38. Kg1 Qd8 39. Qd1 Qd6 40. Kf1 a5 41. Qc1 Bf8 42. Qd2 Qc5 43. Bd3 Qb6 44. Nc2 Nxc2 45. Qxc2 Qc5 46. Qc3 Bg7 47. Qc2 b6 48. Qc1 1/2-1/2

[Event "CZE-ch U16"]
[Site "Frymburk"]
[Date "2002.??.??"]
[Round "6"]
[White "Nabelek, Marek"]
[Black "Fojtu, Petr"]
[Result "1-0"]
[WhiteElo "2065"]
[BlackElo "1802"]
[PlyCount "85"]
[EventDate "2002.03.??"]
[EventType "swiss"]
[EventRounds "8"]
[EventCountry "CZE"]
[SourceTitle "EXT 2004"]
[Source "ChessBase"]
[SourceDate "2003.11.25"]
[SourceVersion "1"]
[SourceVersionDate "2003.11.25"]
[SourceQuality "1"]

1. e4 c5 2. Nf3 e6 3. g3 Nc6 4. Bg2 Be7 5. 0-0 d5 6. exd5 Qxd5 7. d4 Nxd4 8. Nxd4 Qxd4 9. Qe2 Qb4 10. Bd2 Qb6 11. Qg4 Bf6 12. Bc3 Nh6 13. Qh5 Bxc3 14. Nxc3 0-0 15. Na4 Qb5 16. b3 f5 17. c4 Qa5 18. Rad1 Qc7 19. f4 Ng4 20. Rd3 Bd7 21. h3 Be8 22. Qh4 Nf6 23. Nc3 a6 24. g4 Bg6 25. g5 Nd7 26. Rfd1 Nb6 27. Qe1 Bf7 28. Qe5 Qxe5 29. fxe5 Rab8 30. Rd6 Nc8 31. Rd7 b6 32. Rc7 Be8 33. Rd8 Bh5 34. Rdd7 Rf7 35. Bb7 Rxd7 36. Rxd7 Na7 37. Rc7 Kf8 38. Bxa6 Ra8 39. Na4 Be8 40. Nxb6 Rb8 41. Bb7 Nc6 42. Bxc6 Rxb6 43. Bxe8 1-0

[Event "CZE-ch U16"]
[Site "Frymburk"]
[Date "2002.??.??"]
[Round "5"]
[White "Vedral, Oldrich"]
[Black "Fojtu, Petr"]
[Result "1/2-1/2"]
[WhiteElo "2048"]
[BlackElo "1802"]
[PlyCount "113"]
[EventDate "2002.03.??"]
[EventType "swiss"]
[EventRounds "8"]
[EventCountry "CZE"]
[SourceTitle "EXT 2004"]
[Source "ChessBase"]
[SourceDate "2003.11.25"]
[SourceVersion "1"]
[SourceVersionDate "2003.11.25"]
[SourceQuality "1"]

1. d4 Nf6 2. c4 g6 3. Nc3 Bg7 4. e4 d6 5. Nf3 0-0 6. Be2 Nbd7 7. 0-0 e5 8. d5 Ne8 9. Nd2 f5 10. b4 Nef6 11. f3 Nh5 12. Nb3 fxe4 13. Nxe4 Nf4 14. c5 Nxe2+ 15. Qxe2 Nf6 16. cxd6 cxd6 17. a3 Nxd5 18. Qc4 Be6 19. Ng5 Qb6+ 20. Kh1 Qc7 21. Nc5 Bf7 22. Qh4 h5 23. Nce6 Qc3 24. Rb1 Qd3 25. Bb2 Bxe6 26. Nxe6 Bf6 27. Qg3 Rfe8 28. Rbd1 Qc2 29. Rxd5 Rxe6 30. Ba1 Kf7 31. Rfd1 Rc8 32. Qe1 Qc6 33. Qd2 Ke7 34. h3 a6 35. Qh6 Rh8 36. Qxg6 Qc7 37. Qd3 Qc6 38. Bb2 Rg8 39. Rc1 Qb6 40. Qc2 Kf7 41. Qc7+ Qxc7 42. Rxc7+ Re7 43. Rc2 Rd8 44. Rcd2 Rdd7 45. Rxd6 Rxd6 46. Rxd6 Rc7 47. f4 Be7 48. Rd5 exf4 49. Rf5+ Kg6 50. Rxf4 Rc2 51. Be5 Re2 52. Bb8 Bg5 53. Rf3 Ra2 54. Rd3 Bc1 55. Rd6+ Kf5 56. Rb6 Bxa3 57. Rxb7 1/2-1/2